El proyecto desarrollista en la Argentina y Brasil: Frondizi y Kubitschek

Saved in:
Bibliografiske detaljer
Hovedforfatter: Sikkink, Kathryn (Author)
Format: Bog
Sprog:spansk
Udgivet: Buenos Aires Siglo Veintiuno 2009
Udgivelse:1a. ed
Serier:Historia y Política, 9
Fag:
Tags: Tilføj Tag
Ingen Tags, Vær først til at tagge denne postø!

MARC

LEADER 00000nam a2200000 a 4500
001 UCG6846
003 CL-VaPUC
008 110520e20090000AG |||||||||||||||||spa|d
020 |a 9789871013753 
082 0 4 |a 330.980  |b SIK  |2 21 
100 0 |a Sikkink, Kathryn  |e author  |9 557286 
245 1 3 |a El proyecto desarrollista en la Argentina y Brasil: Frondizi y Kubitschek 
250 |a 1a. ed 
300 |a 323 p 
942 |c BK 
945 |d 20110520 00:00:00  |a jcampos 
260 |a Buenos Aires  |b Siglo Veintiuno  |c 2009 
600 0 7 |a FRONDISI ERCOLI, ARTURO  |2 CL-VaPUC  |9 557287 
600 0 7 |a KUBITSCHEK DE OLIVEIRA, JUSCELINO  |2 CL-VaPUC  |9 557288 
650 0 |a Política económica   |9 255029 
650 0 |a Historia económica  |9 307218 
650 7 |a ECONOMIA Y GOBIERNO  |2 CL-VaPUC  |9 557289 
651 0 |a Argentina  |9 254888 
651 0 |a Brasil  |9 267393 
583 |a last modification  |c 20110520 00:00:00  |k Rodrigo Vera 
490 0 |a Historia y Política, 9 
999 |c 344977  |d 344975 
952 |0 0  |1 0  |4 0  |6 330_980000000000000_SIK_2009  |7 0  |8 A  |9 443346  |a BIBHIS  |b BIBHIS  |d 2019-11-22  |i 4779371  |o 330.980 SIK 2009  |p 4779371  |r 2025-01-20  |w 2019-11-22  |y BK  |k HIS